01134nam a2200193Ia 4500001001000000003001000010008004100020040002500061041001300086100003100099245001700130250001100147260009000158300001200248500026200260501011400522520026200636650004200898L180-1589IT-CnALBA170116s9999||||xx |||||||||||||| ||und|| aIT-CnALBAcIT-CnALBA aITALIANO aARISTOTILE, FILOSOFO GRECO 0aDELL'ANIMA.  a1a ed. aFIRENZEbEDIZIONE "IL TRIPODE". NAPOLIc1970 [1° Ed.:1970 - Ed.Ling.Originale: 1970] a270 p.  aTRADUZIONE INTRODUZIONE E NOTE DI LAURENTI RENATO. TRATTAZIONE DIVISA IN TRE PARTI. L'ANIMA È DIVISIBILE? PASSIONI DELL'ANIMA. OPINIONI DEGLI ATOMISTI. CRITICA SULL'ANIMA COME CONCEPITA DA PLATONE. ANIMA CORPO. ERRORI SULLA CONCEZIONI DELL'ANIMA. DEFINIZI aSocietà San Paolo EM - Piazza San Paolo, 14 - 12051 ALBA (CN) (non commercial uses only) ® Copyright 2017 aTRADUZIONE INTRODUZIONE E NOTE DI LAURENTI RENATO. TRATTAZIONE DIVISA IN TRE PARTI. L'ANIMA È DIVISIBILE? PASSIONI DELL'ANIMA. OPINIONI DEGLI ATOMISTI. CRITICA SULL'ANIMA COME CONCEPITA DA PLATONE. ANIMA CORPO. ERRORI SULLA CONCEZIONI DELL'ANIMA. DEFINIZI aFILOSOFIA ANTICA MEDIOEVALE ORIENTALE